000 00613nam a2200169 a 4500
001 000032851
005 20200930065855.0
008 110727s1938 dr 000 0 spa d
040 _aDO-SdBNP
_bspa
_cBNPHU
082 _axxx
_bH557u
100 1 _aHernández, José Enrique
_958643
245 1 3 _aLa universidad, la escuela y el taller en la egida de Trujillo /
_cJosé Enrique Hernández.
260 _aSantiago, República Dominicana :
_bL. H. Cruz,
_c1938.
300 _a106 p. ;
_c21 cm.
500 _aConferencia pronunciada en el Partido Dominicano en Santiago, la noche del 12 agosto de 1938
049 _aBNPD
999 _c32342
_d32342